000 01801cam a22004335a 4500
001 L159450
008 170724s2017 xxk f 001 0 eng d
020 _a9780198802709
035 _a(Sirsi) u159450
041 0 _aeng
050 0 4 _a346.410434 $2 18
100 1 _aGarner, Simon
245 0 2 _aA practical approach to landlord and tenant
250 _a8th ed.
260 _aOxford
_bOUP
_c2017
300 _alx, 626p.
_c25cm.
520 _aProvides a systematic guide to the principles and practice of land and property law, with practical advice and tips on issues likely to arise in practice. Covers the basics of landlord and tenant law and gives detailed treatment for both the common law and the statutory codes. Explains and analyses diverse areas such as leases, tenancy, assignment and subletting, agricultural holdings, business tenancies, and eviction. Includes up to date case law and various statutory codes applying to both residential and business tenancies.
520 _aSupersedes seventh edition (ISBN 9780199662517).
521 _aAdvanced.
590 _aKA
650 2 4 _aRENT ACT 1977
650 2 4 _aHOUSING ACT 1988
650 2 4 _aHOUSING ACT 1985
650 2 4 _aLANDLORD AND TENANT ACT 1987
650 2 4 _aLEASEHOLD REFORM ACT 1967
650 2 4 _aLANDLORD AND TENANT ACT 1954
650 2 4 _aLOCALISM ACT 2011
650 2 4 _aANTI-SOCIAL BEHAVIOUR, CRIME AND POLICING ACT 2014
650 2 4 _aDEREGULATION ACT 2015
650 2 4 _aIMMIGRATION ACT 2014
650 2 4 _aHOUSING AND PLANNING ACT 2016
650 2 4 _aRENTING HOMES (WALES) ACT 2016
651 4 _aEngland and Wales
_y1543-
690 _aLandlord and tenant
_96252
690 _aResidential property
_96266
690 _aCommercial property
_96227
700 1 _aFrith, Alexandra
942 _n0
999 _c115910
_d115910